[Event "Kieler Open 2018-A"]
[Site "Kiel"]
[Date "2018.07.30"]
[Round "5.28"]
[White "Papesch, Dennis"]
[Black "Nahnsen, Kenneth"]
[Result "1-0"]
[WhiteElo "1850"]
[BlackElo "2004"]
[Annotator "FS"]
[PlyCount "94"]
[EventDate "2018.??.??"]
[WhiteTeam "Raisdorf"]
[BlackTeam "SK Doppelbauer Kiel"]

1. c4 e5 2. g3 Nc6 3. Bg2 Bc5 4. e3 a6 5. Nc3 d6 6. Nge2 Ba7 7. O-O h5 8. d4 h4
9. dxe5 Nxe5 10. Nd4 hxg3 11. fxg3 c6 12. b3 Qg5 13. Rf4 Bg4 14. Bf3 Bxd4 15.
exd4 Nxf3+ 16. Rxf3 Bxf3 17. Qxf3 Qh5 18. Qe4+ Kd7 19. Qg2 Re8 20. Bf4 Nf6 21.
Rf1 Ng4 22. h4 Ne3 23. Bxe3 Rxe3 24. Ne4 Re8 25. Rf4 f6 26. c5 Qd1+ 27. Kh2 Re2
28. Nf2 d5 29. Nxd1 Rxg2+ 30. Kxg2 Re2+ 31. Rf2 Re1 32. Nc3 Rc1 33. Ne2 Rd1 34.
Kf3 Rd2 35. Ke3 Rxa2 36. Nf4 Ra3 37. Rb2 Ra1 38. Nh5 Rg1 39. Kf2 Rh1 40. Re2
Rd1 41. Nxg7 Rxd4 42. Nf5 Rd3 43. Re7+ Kc8 44. Nd6+ Kd8 45. Rxb7 Rc3 46. h5 d4
47. h6 Rc2+ 1-0

[Event "Kieler Open 2018-A"]
[Site "Kiel"]
[Date "2018.07.30"]
[Round "5.29"]
[White "Dengla, Aarav"]
[Black "Deutschbein, Christopher"]
[Result "1/2-1/2"]
[WhiteElo "1805"]
[BlackElo "1990"]
[Annotator "FS"]
[PlyCount "43"]
[EventDate "2018.??.??"]
[WhiteTeam "Indien"]
[BlackTeam "Bille SC von 1924 e.V."]
[WhiteTeamCountry "IND"]

1. e4 e5 2. Nf3 Nc6 3. Bb5 a6 4. Ba4 d6 5. c3 Nf6 6. d3 h6 7. h3 Bd7 8. Be3 Ne7
9. Bxd7+ Qxd7 10. Qb3 b6 11. Nbd2 Ng6 12. a4 Be7 13. O-O O-O 14. d4 Qc6 15. d5
Qd7 16. c4 a5 17. Ne1 Nh5 18. Qb5 Qc8 19. Kh2 Nhf4 20. Qb3 f5 21. Bxf4 Nxf4 22.
g3 1/2-1/2

[Event "Kieler Open 2018-A"]
[Site "Kiel"]
[Date "2018.07.30"]
[Round "5.30"]
[White "Christensen, Andreas"]
[Black "Neuendorf, Max"]
[Result "1/2-1/2"]
[WhiteElo "1790"]
[BlackElo "1981"]
[Annotator "FS"]
[PlyCount "68"]
[EventDate "2018.??.??"]
[WhiteTeam "Hamburger SK von 1830 eV"]
[BlackTeam "Flensburger SK"]

1. e4 c5 2. Nf3 Nc6 3. d4 cxd4 4. Nxd4 e5 5. Nb5 d6 6. c4 Be7 7. N1c3 a6 8. Na3
f5 9. g3 Nf6 10. Bg2 O-O 11. Nc2 Kh8 12. exf5 Bxf5 13. Ne3 Be6 14. O-O Rb8 15.
b3 Qd7 16. Bb2 Bh3 17. Ncd5 Bxg2 18. Kxg2 b5 19. Rc1 Bd8 20. cxb5 Rxb5 21. Rc4
Nxd5 22. Nxd5 Nd4 23. Ne3 Ne6 24. Qg4 Bb6 25. Rfc1 Qf7 26. Qe2 Bd4 27. Ba3 Bc5
28. Bxc5 dxc5 29. Nc2 Rbb8 30. f3 Ng5 31. Ne1 Qe6 32. Rxc5 Rbe8 33. Qe3 e4 34.
f4 Qh3+ 1/2-1/2

[Event "Kieler Open 2018-A"]
[Site "Kiel"]
[Date "2018.07.30"]
[Round "5.31"]
[White "Callsen, Niklas"]
[Black "Berenstein, Alexander"]
[Result "1-0"]
[WhiteElo "1705"]
[BlackElo "1975"]
[Annotator "FS"]
[PlyCount "107"]
[EventDate "2018.??.??"]
[WhiteTeam "Flensburger SK"]
[BlackTeam "SV VHS Rendsburg"]

1. d4 Nf6 2. c4 e6 3. Nc3 b6 4. e4 d6 5. Bd3 Bb7 6. Nf3 Be7 7. Qe2 a5 8. b3 Na6
9. Bb2 Nd7 10. Rd1 Qc8 11. Bb1 Bf6 12. h4 h6 13. h5 Nb4 14. a3 Nc6 15. e5 dxe5
16. d5 Nd8 17. Nb5 Ba6 18. Nxe5 Bxb5 19. cxb5 Nc5 20. Rh3 Kf8 21. Kf1 exd5 22.
Nd3 Ne4 23. Nf4 Bxb2 24. Nxd5 Bxa3 25. Bxe4 Rb8 26. Re3 Nb7 27. Qf3 Nd6 28. Ne7
Qe6 29. Ng6+ Kg8 30. Bd5 Qf6 31. Qxf6 gxf6 32. Nxh8 Kxh8 33. Bc6 Kg7 34. g4 Bc5
35. Red3 Kg8 36. Rg3 Kf8 37. f4 Ke7 38. Kg2 Kf8 39. Kf3 Ke7 40. Rg2 Kf8 41. Rd5
Ke7 42. Re2+ Kf8 43. Rg2 Ke7 44. g5 fxg5 45. fxg5 hxg5 46. Rdxg5 Rh8 47. Kg4
Kf6 48. Rg3 Rh7 49. Rf3+ Ke6 50. Rf1 f5+ 51. Kf4 Bb4 52. Rf2 Bc3 53. Re2+ Ne4
54. Rxf5 1-0

[Event "Kieler Open 2018-A"]
[Site "Kiel"]
[Date "2018.07.30"]
[Round "5.32"]
[White "Bahlo, Jens"]
[Black "Oltmanns, Marc"]
[Result "1-0"]
[WhiteElo "1973"]
[BlackElo "1698"]
[Annotator "FS"]
[PlyCount "45"]
[EventDate "2018.??.??"]
[WhiteTeam "Gießen"]
[BlackTeam "Raisdorf"]

1. e4 Nc6 2. d4 d5 3. Nc3 dxe4 4. d5 Ne5 5. Qd4 Ng6 6. h4 e5 7. Qa4+ Bd7 8. Bb5
Nf6 9. Bg5 Be7 10. h5 Nf8 11. Bxf6 Bxf6 12. Nxe4 a6 13. Bxd7+ Nxd7 14. Nf3 O-O
15. h6 g6 16. Qxd7 Qxd7 17. Nxf6+ Kh8 18. Nxd7 Rfd8 19. Nf6 Rd6 20. Nxh7 f6 21.
Nxf6 Rxf6 22. Ke2 Raf8 23. Ke3 1-0

[Event "Kieler Open 2018-A"]
[Site "Kiel"]
[Date "2018.07.30"]
[Round "5.33"]
[White "Weber, Jannis"]
[Black "Liu, Mide"]
[Result "0-1"]
[WhiteElo "1890"]
[BlackElo "1655"]
[Annotator "FS"]
[PlyCount "90"]
[EventDate "2018.??.??"]
[WhiteTeam "SV Hennef"]
[BlackTeam "Guandong"]

1. e4 c5 2. Nf3 Nc6 3. d4 cxd4 4. Nxd4 Nf6 5. Nc3 e5 6. Ndb5 d6 7. Bg5 a6 8.
Na3 b5 9. Nd5 Be7 10. Bxf6 Bxf6 11. c3 O-O 12. Be2 Bg5 13. O-O Ne7 14. c4 Nxd5
15. Qxd5 Be6 16. Qd3 b4 17. Nc2 Qb6 18. Rad1 Rfd8 19. Bf3 Rac8 20. b3 a5 21.
Qe2 Qc7 22. Rd3 Qe7 23. Rfd1 g6 24. Ne3 Bxe3 25. Qxe3 Rb8 26. Qd2 a4 27. Rxd6
Rxd6 28. Qxd6 Qxd6 29. Rxd6 axb3 30. axb3 Ra8 31. Kf1 Ra1+ 32. Rd1 Ra3 33. Rb1
Rxb3 34. Rxb3 Bxc4+ 35. Ke1 Bxb3 36. Kd2 Kf8 37. h4 h6 38. Be2 Ke7 39. Kc1 Kd6
40. Kb2 Be6 41. Kc2 Kc5 42. Kd2 Kd4 43. f3 Ba2 44. Ba6 b3 45. Bb7 b2 0-1

[Event "Kieler Open 2018-A"]
[Site "Kiel"]
[Date "2018.07.30"]
[Round "5.34"]
[White "Olde, Henning"]
[Black "Linke, Michael"]
[Result "0-1"]
[WhiteElo "1839"]
[BlackElo "1792"]
[Annotator "FS"]
[PlyCount "106"]
[EventDate "2018.??.??"]
[WhiteTeam "SK Kollmar"]
[BlackTeam "Köln"]

1. f4 g6 2. Nf3 Bg7 3. d4 Nf6 4. e3 d6 5. Bc4 O-O 6. O-O Nbd7 7. c3 e5 8. Nbd2
Qe7 9. f5 d5 10. dxe5 Nxe5 11. Nxe5 Qxe5 12. Nf3 Qxf5 13. Bd3 Qe6 14. h3 Qd6
15. Qe1 Nh5 16. Qh4 Qg3 17. Bd2 Qxh4 18. Nxh4 Bd7 19. Rf3 f5 20. g3 Be5 21. Kf2
Nf6 22. Ke2 Ne4 23. Be1 Ng5 24. Rf1 Rae8 25. Nf3 Nxf3 26. Kxf3 Bc6 27. Kf2 Bg7
28. Bd2 Bh6 29. h4 a6 30. Rae1 Bb5 31. Bxb5 axb5 32. a3 Re4 33. Kf3 Rfe8 34.
Rg1 Bg7 35. Rgf1 h5 36. Kf2 c6 37. Kf3 Bh6 38. Rg1 Kf7 39. Rgf1 c5 40. Kf2 d4
41. cxd4 cxd4 42. Kf3 Bxe3 43. Bxe3 Rxe3+ 44. Rxe3 Rxe3+ 45. Kf4 Re2 46. Rd1
Re4+ 47. Kf3 Kf6 48. Rd3 g5 49. hxg5+ Kxg5 50. Rb3 Re3+ 51. Rxe3 dxe3 52. Kxe3
Kg4 53. Kf2 f4 0-1

[Event "Kieler Open 2018-A"]
[Site "Kiel"]
[Date "2018.07.30"]
[Round "5.35"]
[White "Fleischmann, Yannic"]
[Black "Bücker, Timo"]
[Result "1/2-1/2"]
[WhiteElo "1748"]
[BlackElo "1801"]
[Annotator "FS"]
[PlyCount "28"]
[EventDate "2018.??.??"]
[WhiteTeam "Segeberg"]
[BlackTeam "Kappeln"]

1. e4 Nc6 2. Nf3 f5 3. exf5 d5 4. d4 Bxf5 5. Bd3 Bg4 6. c3 e5 7. dxe5 Nxe5 8.
Qe2 Bd6 9. Nbd2 Qe7 10. O-O O-O-O 11. h3 Bh5 12. Qe3 Nf6 13. Nxe5 Qxe5 14. Qxe5
Bxe5 1/2-1/2

[Event "Kieler Open 2018-A"]
[Site "Kiel"]
[Date "2018.07.30"]
[Round "5.36"]
[White "Bungarten, Jona"]
[Black "Boyens, Birger"]
[Result "0-1"]
[WhiteElo "1546"]
[BlackElo "1935"]
[Annotator "FS"]
[PlyCount "56"]
[EventDate "2018.??.??"]
[WhiteTeam "SF Brackel"]
[BlackTeam "Husumer SV von 1898"]

1. e4 e6 2. d4 b6 3. c4 Bb7 4. Nc3 c5 5. d5 d6 6. Nf3 Nd7 7. Bf4 e5 8. Bg3 Ne7
9. Bd3 Ng6 10. O-O Be7 11. Nd2 Bg5 12. Ne2 Qf6 13. Nf3 h6 14. a4 a5 15. Ra3 Ba6
16. Qb3 Rb8 17. Nc3 h5 18. Nxg5 Qxg5 19. h3 h4 20. Bh2 Nf4 21. Bxf4 exf4 22.
Be2 Ne5 23. Nb5 Bxb5 24. Qxb5+ Kf8 25. Rc1 f3 26. Bxf3 Qxc1+ 27. Kh2 Rh6 28.
Rb3 Qxc4 0-1

[Event "Kieler Open 2018-A"]
[Site "Kiel"]
[Date "2018.07.30"]
[Round "5.37"]
[White "Marcussen, Claus"]
[Black "Werner, René"]
[Result "1-0"]
[WhiteElo "1736"]
[BlackElo "1856"]
[Annotator "FS"]
[PlyCount "35"]
[EventDate "2018.??.??"]
[WhiteTeam "Fredericia SF"]
[BlackTeam "Kieler SG"]

1. f4 d5 2. Nf3 Nf6 3. e3 e6 4. d4 Be7 5. Bd3 O-O 6. O-O Nbd7 7. Nbd2 c5 8. c3
b6 9. Ne5 Bb7 10. Qf3 c4 11. Bc2 a5 12. a4 Qc7 13. g4 Ne8 14. Qh3 f5 15. gxf5
exf5 16. Bxf5 Ndf6 17. Be6+ Kh8 18. Ng6# 1-0

[Event "Kieler Open 2018-A"]
[Site "Kiel"]
[Date "2018.07.30"]
[Round "5.38"]
[White "Andresen, Erik"]
[Black "Salwasser, Christian"]
[Result "1-0"]
[WhiteElo "1844"]
[BlackElo "1718"]
[Annotator "FS"]
[PlyCount "43"]
[EventDate "2018.??.??"]
[WhiteTeam "Flensburger SK"]
[BlackTeam "SC Rastatt"]

1. e4 e5 2. f4 exf4 3. Bc4 Qh4+ 4. Kf1 Nf6 5. Nc3 Ng4 6. Qf3 Nxh2+ 7. Rxh2 Qxh2
8. d4 Nc6 9. Bxf4 Qh4 10. Bxf7+ Kd8 11. Nd5 d6 12. e5 Nxd4 13. Qc3 Nc6 14. exd6
cxd6 15. Qe3 Ne7 16. Rd1 Nxd5 17. Rxd5 Be7 18. Rxd6+ Bd7 19. Rxd7+ Kxd7 20.
Qe6+ Kd8 21. Qd5+ Kc8 22. Be6# 1-0

[Event "Kieler Open 2018-A"]
[Site "Kiel"]
[Date "2018.07.30"]
[Round "5.39"]
[White "Schwerdt, Alwin Elias"]
[Black "Nottenkämper, Franz-Ludwig"]
[Result "1-0"]
[WhiteElo "1672"]
[BlackElo "1823"]
[Annotator "FS"]
[PlyCount "55"]
[EventDate "2018.??.??"]
[WhiteTeam "Bad Schwartau"]
[BlackTeam "TV Mehrhoog"]

1. e4 d6 2. d4 Nf6 3. Nc3 g6 4. Be2 Bg7 5. Be3 O-O 6. Qd2 c6 7. h4 Nbd7 8.
O-O-O Qc7 9. Bh6 Rd8 10. Bxg7 Kxg7 11. h5 Ng8 12. hxg6 fxg6 13. g4 Ndf6 14. g5
Ng4 15. Bc4 e5 16. Bxg8 Kxg8 17. d5 Qb6 18. Rf1 Rf8 19. dxc6 Nxf2 20. Rh2 Nxe4
21. Qd5+ Kg7 22. Rxf8 Qe3+ 23. Rd2 Qxg1+ 24. Nd1 Kxf8 25. Qxe4 Qb6 26. Rxd6
bxc6 27. Rf6+ Kg8 28. Qc4+ 1-0

[Event "Kieler Open 2018-A"]
[Site "Kiel"]
[Date "2018.07.30"]
[Round "5.40"]
[White "Günther, Emil"]
[Black "Lubenow, Olaf"]
[Result "0-1"]
[WhiteElo "1601"]
[BlackElo "1794"]
[Annotator "FS"]
[PlyCount "48"]
[EventDate "2018.??.??"]
[WhiteTeam "SK Doppelbauer Kiel"]
[BlackTeam "SK Kollmar"]

1. Nf3 e6 2. d4 d6 3. g3 Ne7 4. Bg2 Ng6 5. O-O Be7 6. Nbd2 O-O 7. e4 b6 8. b3
Bb7 9. Bb2 Nd7 10. c4 c5 11. d5 e5 12. Qc2 Nf6 13. a4 a5 14. h4 Bc8 15. Nh2 h6
16. Qd3 Nh5 17. Qf3 Ngf4 18. gxf4 Nxf4 19. Ng4 f5 20. Ne3 fxe4 21. Qxe4 Ne2+
22. Kh1 Rf4 23. Qb1 Rxh4+ 24. Bh3 Bxh3 0-1

[Event "Kieler Open 2018-A"]
[Site "Kiel"]
[Date "2018.07.30"]
[Round "5.41"]
[White "Easwaralingam, Janith"]
[Black "Tang, Zijie"]
[Result "0-1"]
[WhiteElo "1792"]
[BlackElo "1519"]
[Annotator "FS"]
[PlyCount "58"]
[EventDate "2018.??.??"]
[WhiteTeam "Fredericia SF"]
[BlackTeam "Guandong"]

1. e4 c6 2. d4 d5 3. Nc3 dxe4 4. Nxe4 Bf5 5. Ng3 Bg6 6. h4 h6 7. Nf3 e6 8. h5
Bh7 9. Bd3 Bxd3 10. Qxd3 Nf6 11. Bd2 Be7 12. O-O-O O-O 13. Kb1 c5 14. Ne4 Nc6
15. Be3 Nb4 16. Nxf6+ Bxf6 17. Qb3 Qe7 18. g4 Rac8 19. Bd2 Na6 20. Bf4 c4 21.
Qe3 Nb4 22. g5 hxg5 23. Bxg5 Nd5 24. Bxf6 Qxf6 25. Qe4 Qf4 26. Qe2 c3 27. b3
Qd6 28. Ne5 Qa3 29. Nd3 Nf4 0-1

[Event "Kieler Open 2018-A"]
[Site "Kiel"]
[Date "2018.07.30"]
[Round "5.42"]
[White "Lin, Ze Jun"]
[Black "Rohmann, Volker"]
[Result "1-0"]
[WhiteElo "1528"]
[BlackElo "1789"]
[Annotator "FS"]
[PlyCount "83"]
[EventDate "2018.??.??"]
[WhiteTeam "Hong Kong"]
[BlackTeam "SVG Friedrichsort"]
[WhiteTeamCountry "HKG"]

1. e4 e5 2. Nf3 Nc6 3. Bb5 a6 4. Ba4 Nf6 5. O-O b5 6. Bb3 Be7 7. a4 Rb8 8. axb5
axb5 9. d3 d6 10. h3 O-O 11. Nc3 Nd4 12. Nxd4 exd4 13. Nd5 Nxd5 14. Bxd5 Bd7
15. Bd2 c6 16. Bb3 Bf6 17. f4 Ra8 18. Qf3 Qc7 19. g4 Be6 20. f5 Bxb3 21. cxb3
Be5 22. g5 f6 23. g6 h6 24. Rfc1 Qb7 25. Kf2 Rxa1 26. Rxa1 Ra8 27. Qd1 Ra7 28.
Qc1 c5 29. b4 Qa8 30. Rxa7 Qxa7 31. bxc5 dxc5 32. b4 c4 33. dxc4 d3+ 34. Kf3
Qa2 35. cxb5 Qc2 36. Qxc2 dxc2 37. b6 Bc3 38. b7 Be5 39. Ke3 Kf8 40. Kd3 Ke7
41. Kxc2 Kd7 42. Bc3 1-0

[Event "Kieler Open 2018-A"]
[Site "Kiel"]
[Date "2018.07.30"]
[Round "5.43"]
[White "Schmidt, Gero"]
[Black "Wu, Sitang"]
[Result "1-0"]
[WhiteElo "1741"]
[BlackElo "1403"]
[Annotator "FS"]
[PlyCount "82"]
[EventDate "2018.??.??"]
[WhiteTeam "TV Mehrhoog"]
[BlackTeam "Guandong"]

1. Nc3 Nc6 2. e4 g6 3. f4 d6 4. Nf3 Bg7 5. Bc4 Bg4 6. Bxf7+ Kf8 7. Bd5 Qd7 8.
O-O e6 9. Bxc6 Qxc6 10. Qe1 Bxf3 11. Rxf3 Bd4+ 12. Kh1 Kg7 13. d3 Nf6 14. Be3
Bxe3 15. Qxe3 Rhe8 16. h3 Qd7 17. Raf1 d5 18. Qd4 b6 19. Nxd5 exd5 20. e5 c5
21. exf6+ Kf7 22. Qf2 Kxf6 23. f5 g5 24. Qd2 h6 25. h4 Qe7 26. Rg3 Kf7 27. hxg5
hxg5 28. Kg1 Rg8 29. Re3 Qf6 30. Qe2 g4 31. Re6 Qd4+ 32. Rf2 Qxb2 33. g3 Rae8
34. Rxe8 Rxe8 35. Qxg4 Qc1+ 36. Kg2 Qh6 37. Qf3 Rd8 38. Re2 Qf6 39. Qh5+ Kg8
40. Re6 Qf8 41. Rg6+ Kf7 1-0

[Event "Kieler Open 2018-A"]
[Site "Kiel"]
[Date "2018.07.30"]
[Round "5.44"]
[White "Strätker, Sebastian"]
[Black "Hu, Yik Kwan"]
[Result "1-0"]
[WhiteElo "1887"]
[BlackElo "1504"]
[Annotator "FS"]
[PlyCount "55"]
[EventDate "2018.??.??"]
[WhiteTeam "ASV Rehau"]
[BlackTeam "Hong Kong"]
[BlackTeamCountry "HKG"]

1. Nf3 Nf6 2. g3 b6 3. Bg2 Bb7 4. O-O e6 5. d4 Be7 6. c4 O-O 7. Nc3 Ne4 8. Qc2
Nxc3 9. Qxc3 Be4 10. Rd1 Bf6 11. Be3 c6 12. Qd2 d5 13. b3 Na6 14. Rac1 Qd7 15.
Bg5 Qe7 16. Bxf6 Qxf6 17. Ne5 Bxg2 18. Kxg2 Rfc8 19. Rc3 Rc7 20. cxd5 exd5 21.
Rf3 Qe6 22. Nd3 Qe4 23. Qf4 Qxe2 24. Re1 Qxa2 25. Nb4 Qa5 26. Nxa6 Rd7 27. Rfe3
Rf8 28. Nb8 1-0

[Event "Kieler Open 2018-A"]
[Site "Kiel"]
[Date "2018.07.30"]
[Round "5.45"]
[White "Gehlsen, René"]
[Black "Witt, Holger"]
[Result "1-0"]
[WhiteElo "1799"]
[BlackElo "1579"]
[Annotator "FS"]
[PlyCount "81"]
[EventDate "2018.??.??"]
[WhiteTeam "SV VHS Heide"]
[BlackTeam "SC Viernheim"]

1. d4 Nf6 2. Nf3 e6 3. Nbd2 b5 4. e4 a6 5. Bd3 Bb7 6. O-O d5 7. Qe2 c5 8. dxc5
Bxc5 9. e5 Nfd7 10. Nb3 Be7 11. Bf4 Nc6 12. c3 h6 13. Nbd4 Nc5 14. Bc2 g5 15.
Bg3 g4 16. Nd2 h5 17. f4 Bh4 18. Nxc6 Bxc6 19. f5 Bxg3 20. hxg3 Bd7 21. Qe3 Rc8
22. Rae1 h4 23. Rf4 Qg5 24. gxh4 Rxh4 25. f6 Qh5 26. Qg3 Bc6 27. Kf2 Kd7 28.
Nf3 Rh1 29. Rxg4 Rxe1 30. Nxe1 Rh8 31. Rg7 Ne4+ 32. Bxe4 dxe4 33. Qh3 e3+ 34.
Qxe3 Qh4+ 35. Qg3 Qh5 36. Nf3 Bxf3 37. Qxf3 Qh4+ 38. g3 Qh2+ 39. Ke3 Qg1+ 40.
Kf4 Qc1+ 41. Kg4 1-0

[Event "Kieler Open 2018-A"]
[Site "Kiel"]
[Date "2018.07.30"]
[Round "5.46"]
[White "Hoppe, Marc"]
[Black "Wenske, Hardy"]
[Result "1/2-1/2"]
[WhiteElo "1723"]
[BlackElo "1725"]
[Annotator "FS"]
[PlyCount "70"]
[EventDate "2018.??.??"]
[WhiteTeam "SF Olfen"]
[BlackTeam "Kieler SG"]

1. d4 d5 2. Bf4 Nf6 3. Nf3 c6 4. e3 e6 5. c4 Bd6 6. Ne5 Bb4+ 7. Nc3 Qa5 8. Qc2
Ne4 9. Rc1 Qxa2 10. cxd5 exd5 11. Bd3 Bxc3+ 12. bxc3 Qxc2 13. Rxc2 Nf6 14. c4
O-O 15. O-O Nbd7 16. Rb1 Nxe5 17. Bxe5 dxc4 18. Rxc4 Nd5 19. e4 Nb6 20. Rcb4
Nd7 21. Bd6 Re8 22. f4 a5 23. Ra4 b5 24. Bxb5 cxb5 25. Rxb5 Rxe4 26. Bc5 Re8
27. Raxa5 Rxa5 28. Rxa5 f6 29. Kf2 Kf7 30. f5 g6 31. g4 gxf5 32. gxf5 Kg7 33.
Bd6 Kf7 34. Kg3 Rg8+ 35. Kf4 Re8 1/2-1/2

[Event "Kieler Open 2018-A"]
[Site "Kiel"]
[Date "2018.07.30"]
[Round "5.47"]
[White "Kunkel, Wolfgang"]
[Black "Gerigk, Daniel"]
[Result "0-1"]
[WhiteElo "1681"]
[BlackElo "1690"]
[Annotator "FS"]
[PlyCount "70"]
[EventDate "2018.??.??"]
[WhiteTeam "Gießen"]
[BlackTeam "Bonn"]

1. g4 d5 2. Bg2 Nc6 3. c4 dxc4 4. Bxc6+ bxc6 5. h3 e5 6. Nc3 Bb7 7. e4 Bc5 8.
Nf3 Ne7 9. O-O Ng6 10. Ne2 h5 11. g5 Qd7 12. Kh2 Bc8 13. Neg1 f6 14. Qc2 fxg5
15. d4 exd4 16. e5 d3 17. Qxc4 g4 18. Ng5 Qe7 19. f4 gxf3 20. N1xf3 Nxe5 21.
Nxe5 Qxe5+ 22. Bf4 Qd5 23. Rae1+ Be7 24. Qxd5 cxd5 25. Re5 Rf8 26. Rfe1 Rxf4
27. Rxe7+ Kd8 28. Nf7+ Rxf7 29. Rxf7 Rb8 30. b3 Rb6 31. Rxg7 Re6 32. Rxe6 Bxe6
33. Rg2 c5 34. h4 c4 35. bxc4 dxc4 0-1

[Event "Kieler Open 2018-A"]
[Site "Kiel"]
[Date "2018.07.31"]
[Round "6.1"]
[White "Vatter, Hans-Joachim"]
[Black "Zeng, Chongsheng"]
[Result "0-1"]
[WhiteElo "2216"]
[BlackElo "2532"]
[Annotator "PH"]
[PlyCount "62"]
[EventDate "2018.??.??"]

1. c4 e6 2. Nc3 d5 3. d4 Bb4 4. Nf3 dxc4 5. Qa4+ Nc6 6. a3 Bxc3+ 7. bxc3 Qd5 8.
Bf4 Nf6 9. Bxc7 Bd7 10. Qc2 Rc8 11. Be5 Nxe5 12. Nxe5 Qa5 13. e3 Ba4 14. Qb2
Bb3 15. Be2 Ne4 16. Rc1 f6 17. Nf3 Rc6 18. Nd2 Nxd2 19. Kxd2 O-O 20. Bf3 Rb6
21. Qa1 e5 22. Rhe1 f5 23. dxe5 Qxe5 24. Ke2 Qd6 25. Kf1 Qxh2 26. g3 Rd8 27. a4
Rbd6 28. Qa3 Rd2 29. Re2 Bd1 30. Rxd2 Rxd2 31. Bg2 Bf3 0-1

[Event "Kieler Open 2018-A"]
[Site "Kiel"]
[Date "2018.07.31"]
[Round "6.2"]
[White "Wan, Yunguo"]
[Black "Krause, Benedict"]
[Result "1/2-1/2"]
[WhiteElo "2514"]
[BlackElo "2445"]
[Annotator "PH"]
[PlyCount "58"]
[EventDate "2018.??.??"]

1. e4 c5 2. Nf3 e6 3. d4 cxd4 4. Nxd4 Nc6 5. Nc3 Qc7 6. Be2 Nf6 7. O-O Be7 8.
Be3 d6 9. Kh1 O-O 10. f4 Nxd4 11. Qxd4 b6 12. Bf3 Bb7 13. Nb5 Qb8 14. c4 a6 15.
Nc3 b5 16. cxb5 axb5 17. a3 Bc6 18. Rae1 Rd8 19. Bc1 d5 20. exd5 Nxd5 21. Nxd5
Bxd5 22. Bxd5 Rxd5 23. Qe4 Bf6 24. Rd1 Qd6 25. Rxd5 Qxd5 26. Qxd5 exd5 27. Rd1
Rc8 28. Kg1 h6 29. Be3 Bxb2 1/2-1/2

[Event "Kieler Open 2018-A"]
[Site "Kiel"]
[Date "2018.07.31"]
[Round "6.3"]
[White "Lanka, Zigurds"]
[Black "Knudsen, Simon"]
[Result "1-0"]
[WhiteElo "2414"]
[BlackElo "2197"]
[Annotator "PH"]
[PlyCount "107"]
[EventDate "2018.??.??"]

1. e4 g6 2. d4 Bg7 3. Nc3 d6 4. f4 a6 5. Nf3 b5 6. Bd3 Nd7 7. e5 c5 8. Be4 Rb8
9. O-O cxd4 10. Qxd4 Nh6 11. h3 O-O 12. Qa7 b4 13. Na4 Bb7 14. Bxb7 Qc7 15. e6
Rxb7 16. Qxa6 fxe6 17. Be3 Rbb8 18. Qd3 Qc6 19. Qb3 d5 20. a3 Nf5 21. Bf2 bxa3
22. Qxa3 Qxc2 23. Rac1 Qb3 24. Qxb3 Rxb3 25. Rc7 Rb4 26. b3 Rd8 27. Ng5 Nf8 28.
Nc5 Bf6 29. Ngxe6 Nxe6 30. Nxe6 Rd6 31. Rc8+ Kf7 32. Ng5+ Kg7 33. Re1 Rxb3 34.
Ne6+ Rxe6 35. Rxe6 Kf7 36. Re1 Nd6 37. Rc2 Ne4 38. Rd1 Rb4 39. Be1 Ra4 40. Re2
Ke6 41. g4 Bd4+ 42. Kg2 Bc5 43. Bc3 Bd6 44. f5+ gxf5 45. gxf5+ Kd7 46. Be1 e6
47. Rb2 exf5 48. Rxd5 Ke6 49. Ra5 Rc4 50. Re2 Rc7 51. Ra6 Rb7 52. Bg3 Rg7 53.
Rxd6+ Ke7 54. Rd3 1-0

[Event "Kieler Open 2018-A"]
[Site "Kiel"]
[Date "2018.07.31"]
[Round "6.5"]
[White "Pietzsch, Manuel"]
[Black "Krause, Jonah"]
[Result "1/2-1/2"]
[WhiteElo "2185"]
[BlackElo "2336"]
[Annotator "PH"]
[PlyCount "57"]
[EventDate "2018.??.??"]

1. e4 c5 2. Nf3 e6 3. d4 cxd4 4. Nxd4 Nc6 5. Nc3 Qc7 6. Be3 a6 7. Qf3 d6 8.
Nxc6 bxc6 9. O-O-O Nf6 10. g4 Be7 11. g5 Nd7 12. h4 Rb8 13. Kb1 O-O 14. Qg3 Qa5
15. Bc1 d5 16. f4 Bb4 17. Rh3 Nc5 18. e5 Rd8 19. Bg2 Bd7 20. g6 fxg6 21. Ne2
Na4 22. h5 Be8 23. h6 gxh6 24. Nd4 c5 25. Nb3 Qb6 26. Rxh6 Qb7 27. Rdh1 Rd7 28.
Bh3 Rg7 29. Bxe6+ 1/2-1/2

[Event "Kieler Open 2018-A"]
[Site "Kiel"]
[Date "2018.07.31"]
[Round "6.6"]
[White "Rocha, Sergio"]
[Black "Horn, Peter"]
[Result "1-0"]
[WhiteElo "2373"]
[BlackElo "2112"]
[Annotator "PH"]
[PlyCount "63"]
[EventDate "2018.??.??"]

1. Nf3 Nf6 2. c4 e6 3. b3 d5 4. Bb2 Be7 5. e3 O-O 6. Be2 c5 7. O-O Nc6 8. Qc2
b6 9. Rd1 d4 10. d3 e5 11. Nbd2 Ne8 12. e4 Nd6 13. Nf1 Be6 14. a3 g6 15. Bc1 f6
16. Ng3 Qd7 17. Bd2 a6 18. h3 Nf7 19. Nh2 h5 20. Rf1 h4 21. Nh1 g5 22. Bg4 Nh6
23. f3 b5 24. g3 Nxg4 25. fxg4 hxg3 26. Nxg3 Kh7 27. Rf3 Kg6 28. Raf1 bxc4 29.
bxc4 Rab8 30. Nh5 Qb7 31. Bc1 Rf7 32. Qd2 1-0

[Event "Kieler Open 2018-A"]
[Site "Kiel"]
[Date "2018.07.31"]
[Round "6.7"]
[White "Du, Yuxin"]
[Black "Holtel, Jasper"]
[Result "1-0"]
[WhiteElo "2129"]
[BlackElo "2234"]
[Annotator "PH"]
[PlyCount "87"]
[EventDate "2018.??.??"]

1. e4 c5 2. Nf3 d6 3. d4 cxd4 4. Nxd4 Nf6 5. Nc3 a6 6. Bg5 e6 7. f4 h6 8. Bh4
Qb6 9. a3 Be7 10. Bf2 Qc7 11. Qf3 Nbd7 12. O-O-O b5 13. g4 g5 14. h4 gxf4 15.
g5 Ne5 16. Qxf4 Nfd7 17. Be2 Nb6 18. Nf3 hxg5 19. hxg5 Rxh1 20. Rxh1 Ng6 21.
Qg3 Bb7 22. Rh7 Nd7 23. Nh4 Ndf8 24. Rg7 O-O-O 25. Be3 Ne5 26. Nf3 Nfg6 27.
Nxe5 Nxe5 28. Qf2 Rh8 29. Bd4 Rh1+ 30. Bd1 Nc4 31. Rg8+ Kd7 32. Qxf7 d5 33. Bf6
Qf4+ 34. Kb1 Nd2+ 35. Ka2 Qd6 36. Qe8+ Kc7 37. Bxe7 Qd7 38. Qb8+ Kc6 39. exd5+
Kb6 40. Qa7+ Kc7 41. Qc5+ Bc6 42. Bd8+ Kb7 43. Qb6+ Kc8 44. Bc7+ 1-0

[Event "Kieler Open 2018-A"]
[Site "Kiel"]
[Date "2018.07.31"]
[Round "6.8"]
[White "Schulze, Lara"]
[Black "Petri, Alexander"]
[Result "0-1"]
[WhiteElo "2187"]
[BlackElo "2138"]
[Annotator "PH"]
[PlyCount "62"]
[EventDate "2018.??.??"]

1. e4 c6 2. d4 d5 3. e5 c5 4. dxc5 Nc6 5. Nf3 Bg4 6. c3 e6 7. Be3 Nge7 8. Nbd2
Nf5 9. Bd4 Be7 10. Be2 O-O 11. O-O a5 12. h3 Bh5 13. a4 b6 14. g4 bxc5 15. gxf5
cxd4 16. fxe6 dxc3 17. exf7+ Rxf7 18. bxc3 Qd7 19. Kg2 Qf5 20. c4 d4 21. Nxd4
Qg5+ 22. Kh1 Bxe2 23. Nxe2 Nxe5 24. f4 Qf5 25. Kh2 Rd8 26. fxe5 Qxe5+ 27. Ng3
Rxf1 28. Ndxf1 Rxd1 29. Rxd1 Qc5 30. Ne4 Qxc4 31. Nfg3 Qxa4 0-1

[Event "Kieler Open 2018-A"]
[Site "Kiel"]
[Date "2018.07.31"]
[Round "6.9"]
[White "Light, Bjarne"]
[Black "Haffner, Alexander"]
[Result "1-0"]
[WhiteElo "2177"]
[BlackElo "2107"]
[Annotator "PH"]
[PlyCount "99"]
[EventDate "2018.??.??"]

1. d4 Nf6 2. Nf3 e6 3. Bf4 b6 4. e3 Bb7 5. Nbd2 Be7 6. h3 d6 7. Bd3 Nbd7 8. O-O
c5 9. c3 O-O 10. Qe2 Re8 11. Rfd1 Bf8 12. Nc4 cxd4 13. Nxd6 Bxf3 14. gxf3 Bxd6
15. Bxd6 dxc3 16. bxc3 Nd5 17. Qc2 Qh4 18. c4 N5f6 19. Kh2 g6 20. Bg3 Qh5 21.
Be2 Rad8 22. Qb2 Qh6 23. Rd4 e5 24. Rd6 Nh5 25. Bh4 f6 26. Qd2 Re7 27. c5 bxc5
28. Bb5 Nf4 29. exf4 Qxh4 30. Kg2 exf4 31. Qd5+ Kg7 32. Rxd7 Rdxd7 33. Bxd7
Qg5+ 34. Qxg5 fxg5 35. Bb5 Rb7 36. a4 Kf6 37. Re1 h5 38. Re8 Rc7 39. Bc4 Rd7
40. Rc8 g4 41. Rc6+ Ke5 42. Rxc5+ Kd4 43. Rc6 gxh3+ 44. Kxh3 g5 45. Bb5 Rg7 46.
Rh6 g4+ 47. Kg2 g3 48. Rxh5 gxf2+ 49. Kxf2 Rf7 50. a5 1-0